Teg independencia [juego] /

Guardado en:
Formato: Objeto Físico
Publicado: Argentina : Yetem, [201?]
Materias:
Etiquetas: Agregar Etiqueta
Sin Etiquetas, Sea el primero en etiquetar este registro!
LEADER 00998nrm a22001575g 4500
001 CEM.cems019305
008 130507b201?##################0###0#####d
005 20220830113245.0
003 CEMS
245 0 0 |a Teg independencia [juego] /  |c Guillermo Santos, Guillermo Ortiz Y Mariano Krasmanski 
260 |a Argentina :  |b Yetem,  |c [201?] 
300 |a 1 juego (1 tablero, 7 dados, 1 ficha anaranjada, ruleta del tiemp.o, 6 fichas realistas y sus peanas, 6 fichas patriotas y sus peones, 6 cajas de fichas con 100 ejércitos, 56 tarjetas territorio, 12 tarjetas lí­der, 15 tarjetas objetivos, 42 tarjetas de situaciones, 6 tarjetones de ayuda) ; en caja 30 x 42 x 5 cm. + manual de instrucciones y cuadernillo de preguntas y respuestas. 
500 |a Para 2 a 6 jugadores a partir de 12 años objetivo: acumular la mayor cantidad de puntos de Hegemonía durante el desarrollo de las rondas establecidas. 
082 0 4 |a J793.92 
653 |a 1. juegos de guerra 
859 |a CEMS  |b BIB. CEMS - Ludoteca  |h J793.92  |i Y48  |p 376.11  |t Ej.1